La extinción del contrato de trabajo del personal al servicio de las Admistraciones Públicas (Registro nro. 593085)
[ vista simple ]
| 001 - NÚMERO DE CONTROL | |
|---|---|
| campo de control | 1262607 |
| 005 - FECHA Y HORA DE LA ÚLTIMA TRANSACCIÓN | |
| campo de control | 20241023091050.0 |
| 008 - DATOS DE LONGITUD FIJA--INFORMACIÓN GENERAL | |
| campo de control de longitud fija | 111101e20111001 spa |
| 035 ## - NÚMERO DE CONTROL DEL SISTEMA | |
| Número de control de sistema | 1262607 |
| 035 ## - NÚMERO DE CONTROL DEL SISTEMA | |
| Número de control de sistema | (OCoLC)820615824 |
| 040 ## - FUENTE DE LA CATALOGACIÓN | |
| Centro/agencia transcriptor | comduadb |
| 041 ## - CÓDIGO DE LENGUA | |
| Código de lengua del texto/banda sonora o título independiente | spa |
| 100 10 - ENTRADA PRINCIPAL--NOMBRE DE PERSONA | |
| Nombre de persona | Aguilera Izquierdo, Raquel |
| Código de función | aut |
| Término indicativo de función/relación | Autor/a |
| 9 (RLIN) | 507360 |
| 245 13 - MENCIÓN DE TÍTULO | |
| Título | La extinción del contrato de trabajo del personal al servicio de las Admistraciones Públicas |
| 520 3# - SUMARIO, ETC. | |
| Sumario, etc. | El EBEP, con relación al personal laboral al servicio de las Administraciones Públicas, sintetiza, como señala su Exposición de Motivos, aquello que diferencia a quienes trabajan en el sector público administrativo, sea cual se su relación jurídica, de quienes lo hacen en el sector privado. La principal diferencia entre el personal laboral y el personal funcionario radica en la extención de su relación de trabajo con la Administración para la que viene prestando servicios, pues mientras que al personal funcionario se le reconoce el derecho a la inamovilidad en su condición, al personal laboral se le aplican las causas de extinción que con carácter general están recogidas en el art. 49 ET. En este estudio se analizan algunas de las singularidades que plantea la extinción del contrato de trabajo del personal al servicio de las Administraciones Públicas, en concreto en los supuestos de extinción por las causas válidamente consignadas en el contrato, de despido por causas económicas, técnicas, organizativas o de producción y de despido disciplinario, único supuesto, este último, de extinción al que se hace referencia expresa el EBEP en su art. 96. |
| 650 #7 - PUNTO DE ACCESO ADICIONAL DE MATERIA--TÉRMINO DE MATERIA | |
| Término de materia o nombre geográfico como elemento de entrada | Contratos de trabajo |
| Fuente del encabezamiento o término | embne |
| 9 (RLIN) | 37458 |
| 650 ## - PUNTO DE ACCESO ADICIONAL DE MATERIA--TÉRMINO DE MATERIA | |
| Término de materia o nombre geográfico como elemento de entrada | Empleadores |
| 9 (RLIN) | 33357 |
| 650 ## - PUNTO DE ACCESO ADICIONAL DE MATERIA--TÉRMINO DE MATERIA | |
| Término de materia o nombre geográfico como elemento de entrada | Sector privado |
| 9 (RLIN) | 17210 |
| 650 #7 - PUNTO DE ACCESO ADICIONAL DE MATERIA--TÉRMINO DE MATERIA | |
| Término de materia o nombre geográfico como elemento de entrada | Sector público |
| Fuente del encabezamiento o término | unescot |
| 9 (RLIN) | 1815 |
| 773 0# - ENLACE AL DOCUMENTO FUENTE/ENTRADA DE REGISTRO ANFITRIÓN | |
| Título | Revista del Ministerio de Trabajo y Asuntos Sociales (Madrid) |
| Parte(s) relacionada(s) | Número 093, Octubre de 2011. Derecho del Trabajo, p. 317-342 |
| Número de control del registro | 321927 |
| Número Internacional Normalizado para Publicaciones Seriadas | 1137-5868 |
| Número bibliográfico anfitrión | 106617 |
| 942 ## - ELEMENTOS DE ENTRADA AGREGADA (KOHA) | |
| Tipo de ítem Koha | Artículo de Revista |
No hay ítems disponibles.